000 00675nam a2200217Ia 4500
003 OSt
005 20250128114342.0
008 210210b1987 xxu||||| |||| 00| 0 eng d
040 _cAL
041 _aKannada
082 _aK894.3 YAND
100 _aYANDAMURI VIRENDRANATH.
_dಯಂಡಮೂರಿ ವೀರೇಂದ್ರನಾಥ್
_9195331
245 _aDipa drashti.
_bದೀಪದೃಷ್ಟಿ
260 _aBengaluru
_bHamsadhvani Prakashana
_c1987
300 _a136
650 _aVamshi
_9195332
690 _aKannada Fiction
_9195333
700 _aVijayamala Sarode.
_dವಿಜಯಮಾಲಾ ಸರೋದೆ Tr
_9195334
906 _a042943
942 _2ddc
_cBK
999 _c92811
_d92811